|
|
|
|
| LEADER |
01093pam a22002538a 4500 |
| 001 |
00000266 |
| 005 |
20171026081022.0 |
| 008 |
110318s1984 ||||||Viesd |
| 041 |
0 |
# |
|a Vie
|
| 082 |
1 |
4 |
|a 370.11
|b CH500NGH
|
| 100 |
0 |
# |
|a Nguyễn Sỹ Tỳ
|
| 245 |
0 |
0 |
|a Chủ nghĩa nhân đạo Cộng sản với vấn đề giáo dục thế hệ trẻ
|c Nguyễn Sỹ Tỳ, Vũ Khiêu, Hoàng Ngọc Hiến ...(Nhiều người khác )
|
| 260 |
# |
# |
|a [Kđ]
|b Giáo dục
|c 1984
|
| 300 |
# |
# |
|a 180 tr.
|c 20 cm.
|
| 650 |
# |
4 |
|a Giáo dục
|
| 653 |
# |
# |
|a Chủ nghĩa nhân đạo
|a Cải cách giáo dục
|a Giáo dục
|a Thế hệ trẻ
|a Nhân đạo cộng sản
|
| 700 |
0 |
# |
|a Hoàng Ngọc Hiến
|
| 700 |
0 |
# |
|a Vũ khiêu
|
| 852 |
# |
# |
|b Kho mượn
|j KM.0001539
|
| 852 |
# |
# |
|b Kho đọc
|j KD.0000512
|
| 852 |
# |
# |
|j KGT.0018571, KGT.0018572, KGT.0018573, KGT.0018574, KGT.0018575
|b Kho giáo trình
|
| 852 |
# |
# |
|j KM.0001539
|j KD.0000512
|
| 910 |
|
|
|d 18/03/2011
|
| 980 |
# |
# |
|a Trung tâm Học liệu Lê Vũ Hùng, Trường Đại học Đồng Tháp
|